[Event "European Blitz 2015"]
[Site "Minsk BLR"]
[Date "2015.12.18"]
[Round "6.40"]
[White "Shkapenko, Pavel"]
[Black "Antonov, Alexandr2"]
[Result "1-0"]
[WhiteTitle "IM"]
[WhiteElo "2407"]
[BlackElo "2098"]
[WhiteFideId "4151933"]
[BlackFideId "24124079"]
[EventDate "2015.12.18"]
[EventType "swiss (blitz)"]

1. e4 c5 2. c3 d5 3. exd5 Qxd5 4. Nf3 Nc6 5. d4 Bg4 6. Be2 e6 7. O-O Nf6 8. h3
Bh5 9. Be3 cxd4 10. cxd4 Bb4 11. Nc3 Bxc3 12. bxc3 O-O 13. Qb3 Qxb3 14. axb3 Nd5
15. Bd2 Rfc8 16. g4 Bg6 17. Rfc1 Nf6 18. Kg2 h5 19. g5 Ne4 20. Be3 Ne7 21. c4
Nf5 22. Ne5 Rd8 23. Nxg6 fxg6 24. Bd3 Ned6 25. Ra5 Nf7 26. d5 exd5 27. cxd5
Nxe3+ 28. fxe3 Nxg5 29. Bxg6 Rd6 30. Bxh5 Rad8 31. Rc7 Rxd5 32. Rxd5 Rxd5 33.
Bg6 Ne6 34. Bf7+ Kf8 35. Bxe6 Rd3 36. Kf2 Rd2+ 37. Kf3 Rd6 38. Bc4 Rf6+ 39. Kg4
Rb6 40. Rf7+ Ke8 41. Rxg7 a5 42. h4 Rb4 43. Kf3 b5 44. Bd5 Rxh4 45. Bc6+ Kf8 46.
Rg4 Rh5 47. Ke4 Rc5 48. Bd5 a4 49. bxa4 bxa4 50. Rg8+ Ke7 51. Ra8 Kd6 52. Ra6+
Ke7 53. Rxa4 Rc7 54. Ke5 Rd7 55. e4 Rc7 56. Ra6 Kd7 57. Rh6 Rc1 58. Rh7+ Kd8 59.
Ke6 Rf1 60. e5 Rf8 61. Kd6 Re8 62. Ra7 1-0

[Event "European Blitz 2015"]
[Site "Minsk BLR"]
[Date "2015.12.18"]
[Round "6.41"]
[White "Sysolyatin, Evgeny"]
[Black "Tukhaev, Adam"]
[Result "0-1"]
[WhiteTitle "FM"]
[BlackTitle "GM"]
[WhiteElo "2289"]
[BlackElo "2564"]
[WhiteFideId "4154916"]
[BlackFideId "14109476"]
[EventDate "2015.12.18"]
[EventType "swiss (blitz)"]

1. e4 Nf6 2. e5 Nd5 3. d4 d6 4. c4 Nb6 5. exd6 exd6 6. Nc3 Be7 7. Be3 O-O 8. h3
c6 9. Nf3 Na6 10. d5 cxd5 11. cxd5 Bf5 12. Nd4 Bg6 13. Bxa6 bxa6 14. Nc6 Qd7 15.
O-O Rfe8 16. Nxe7+ Rxe7 17. b3 Qf5 18. Rc1 Rae8 19. Qd4 h6 20. Rfe1 Nd7 21. Qxa7
Nc5 22. Qb6 Nd3 23. Qxd6 Rxe3 24. fxe3 Qf2+ 25. Kh1 Nxe1 26. Qh2 Qxe3 27. Rd1
Qxc3 28. d6 Nd3 29. d7 Nf2+ 30. Kg1 Re1+ 0-1

[Event "European Blitz 2015"]
[Site "Minsk BLR"]
[Date "2015.12.18"]
[Round "6.42"]
[White "Bodnaruk, Anastasia"]
[Black "Martynov, Roman"]
[Result "1/2-1/2"]
[WhiteTitle "IM"]
[WhiteElo "2456"]
[BlackElo "2284"]
[WhiteFideId "4181751"]
[BlackFideId "14132044"]
[EventDate "2015.12.18"]
[EventType "swiss (blitz)"]

1. e4 c6 2. d4 d5 3. e5 Bf5 4. Nf3 e6 5. Be2 Ne7 6. O-O Nd7 7. Nbd2 h6 8. a4 Nc8
9. Nb3 Be7 10. a5 a6 11. c4 dxc4 12. Bxc4 O-O 13. Qe2 Na7 14. Rd1 Nb5 15. Bf4
Re8 16. Nfd2 Nf8 17. Ne4 Bxe4 18. Qxe4 Bg5 19. Bxg5 Qxg5 20. Nc5 Qe7 21. Bd3
Rad8 22. Bxb5 axb5 23. b4 Rd5 24. a6 b6 25. Nb7 Qxb4 26. Nd6 Ra8 27. a7 Ng6 28.
Nc8 Qf8 29. Nxb6 Ne7 30. Ra6 Qd8 31. Nxa8 Qxa8 32. Rda1 Rd7 33. Qc2 g6 34. Qc5
Rb7 1/2-1/2

[Event "European Blitz 2015"]
[Site "Minsk BLR"]
[Date "2015.12.18"]
[Round "6.43"]
[White "Kanter, Eduard"]
[Black "Belyakov, Bogdan"]
[Result "1-0"]
[WhiteTitle "IM"]
[BlackTitle "IM"]
[WhiteElo "2353"]
[BlackElo "2511"]
[WhiteFideId "4103963"]
[BlackFideId "24104795"]
[EventDate "2015.12.18"]
[EventType "swiss (blitz)"]

1. d4 Nf6 2. c4 g6 3. Nc3 Bg7 4. e4 O-O 5. Nf3 d6 6. Be2 e5 7. Be3 Ng4 8. Bg5 f6
9. Bc1 f5 10. exf5 Bxf5 11. h3 Nxf2 12. Kxf2 e4 13. Bg5 Qd7 14. Nh4 Nc6 15. Be3
Nxd4 16. Bxd4 e3+ 17. Kg1 Bc2 18. Qxc2 Bxd4 19. Nf3 Bg7 20. Rd1 Rae8 21. g4 Qf7
22. Rh2 Qf4 23. Rg2 c6 24. Qb3 Rf7 25. Qa3 c5 26. Qxa7 Kh8 27. Qb6 Bd4 28. Nxd4
cxd4 29. Qxd4+ Kg8 30. Qxf4 Rxf4 31. Rf1 Rd4 32. Rg3 Rd2 33. Rff3 Rxb2 34. Rxe3
Rc8 35. a3 Kg7 36. Nd5 Rb1+ 37. Bf1 Rxc4 38. g5 Rd4 39. Re7+ Kf8 40. Rf3+ Kg8
41. Re8+ Kg7 42. Nf6 h6 43. Re7+ Kf8 44. Re8+ Kf7 45. Rc8 hxg5 46. Ne4+ Ke6 47.
Nxg5+ Kd7 48. Rg8 Rdd1 49. Rxg6 Ra1 50. h4 Rd4 51. h5 Rh4 52. Rh3 Rg4+ 53. Kf2 1-0

[Event "European Blitz 2015"]
[Site "Minsk BLR"]
[Date "2015.12.18"]
[Round "6.44"]
[White "Maljush, Andrej"]
[Black "Mirzoev, Emil"]
[Result "1/2-1/2"]
[WhiteElo "2285"]
[BlackElo "2424"]
[WhiteFideId "13500724"]
[BlackFideId "14108640"]
[EventDate "2015.12.18"]
[EventType "swiss (blitz)"]

1. e4 c5 2. Nc3 e6 3. g3 Nc6 4. Bg2 Nf6 5. f4 d5 6. e5 Nd7 7. Nf3 Be7 8. O-O O-O
9. Ne2 b5 10. c3 a5 11. d3 b4 12. Be3 Ba6 13. g4 Nb6 14. Ng3 d4 15. cxd4 cxd4
16. Bf2 Nd5 17. Nxd4 Nxd4 18. Bxd4 Rc8 19. f5 Bg5 20. Qf3 Rc2 21. Ne4 Nf4 22.
Bf2 Nxg2 23. Qxg2 Bxd3 24. Rfe1 Bf4 25. Rad1 Bxe4 26. Qxe4 Rd2 27. Rxd2 Qxd2 28.
Re2 Qc1+ 29. Kg2 Bg5 30. b3 Rd8 31. h4 Be7 32. g5 exf5 33. Qxf5 Qc6+ 34. Qf3 Qe6
35. Qe4 g6 36. Rc2 Bf8 37. Rc6 Qd5 38. Qxd5 Rxd5 39. e6 fxe6 40. Rxe6 Rd2 41.
Kf3 Rxa2 42. Re8 Kf7 43. Ra8 Ra3 44. Ke4 Rxb3 45. Ra7+ Ke6 46. Rxa5 Rc3 47. Ra6+
Bd6 48. Be3 Rc4+ 49. Bd4 b3 50. Kd3 Rc8 51. Rb6 Rd8 52. Kc4 Rf8 53. Bc5 Rd8 54.
Kxb3 Kd5 55. Bxd6 Rxd6 56. Rb7 Ke5 57. Rxh7 Kf5 58. h5 1/2-1/2

[Event "European Blitz 2015"]
[Site "Minsk BLR"]
[Date "2015.12.18"]
[Round "6.45"]
[White "Vlassow, Valentin"]
[Black "Sychev, Klementy"]
[Result "0-1"]
[WhiteTitle "FM"]
[BlackTitle "IM"]
[WhiteElo "2262"]
[BlackElo "2415"]
[WhiteFideId "4164008"]
[BlackFideId "4114060"]
[EventDate "2015.12.18"]
[EventType "swiss (blitz)"]

1. d4 Nf6 2. Bg5 Ne4 3. Bf4 d5 4. e3 Bf5 5. c4 c6 6. Qb3 Qa5+ 7. Nc3 Nxc3 8.
bxc3 Nd7 9. cxd5 cxd5 10. Bb5 a6 11. Bxd7+ Bxd7 12. Nf3 Qb5 13. Ne5 Bf5 14. g4
Be6 15. Rb1 f6 16. Qxb5+ axb5 17. Nd3 Rxa2 18. f3 g5 19. Bg3 h5 20. gxh5 Bf5 21.
Rd1 e6 22. O-O Rxh5 23. Nb4 Bxb4 24. cxb4 Rc2 25. Rc1 Rc4 26. Ra1 Kd7 27. Ra7
Kc6 28. Rfa1 Rh8 29. Be1 Rc2 30. Bg3 Rc8 31. Ra8 Rxa8 32. Rxa8 Kd7 33. Rb8 Kc6
34. Rc8+ Kd7 35. Rb8 Kc6 36. Rc8+ Kd7 37. Rb8 Kc6 38. Rc8+ Kd7 39. Rb8 Kc6 40.
Rf8 Bh3 0-1

[Event "European Blitz 2015"]
[Site "Minsk BLR"]
[Date "2015.12.18"]
[Round "6.46"]
[White "Loginov, Valery A"]
[Black "Konenkin, Dmitry"]
[Result "1/2-1/2"]
[WhiteTitle "GM"]
[BlackTitle "FM"]
[WhiteElo "2486"]
[BlackElo "2243"]
[WhiteFideId "4126297"]
[BlackFideId "4185781"]
[EventDate "2015.12.18"]
[EventType "swiss (blitz)"]

1. e4 d6 2. d4 Nf6 3. Nc3 e5 4. Nf3 Nbd7 5. Bc4 Be7 6. O-O O-O 7. a4 c6 8. Ba2
b6 9. Re1 a6 10. Nh4 exd4 11. Qxd4 Nc5 12. Nf3 Be6 13. Bxe6 Nxe6 14. Qe3 b5 15.
axb5 axb5 16. Rxa8 Qxa8 17. e5 Ng4 18. Qe4 Nxe5 19. Nxe5 dxe5 20. Qxe5 Bf6 21.
Qg3 g6 22. Ne4 Bg7 23. c3 c5 24. h4 h5 25. Ng5 Nxg5 26. Bxg5 b4 27. cxb4 cxb4
28. Be7 Re8 29. Bxb4 Rxe1+ 30. Bxe1 Qa1 31. Qe3 Bxb2 1/2-1/2

[Event "European Blitz 2015"]
[Site "Minsk BLR"]
[Date "2015.12.18"]
[Round "6.47"]
[White "Vorontsov, Pavlo"]
[Black "Pavlov, Sergey2"]
[Result "1/2-1/2"]
[WhiteTitle "IM"]
[BlackTitle "IM"]
[WhiteElo "2395"]
[BlackElo "2454"]
[WhiteFideId "14116367"]
[BlackFideId "14114330"]
[EventDate "2015.12.18"]
[EventType "swiss (blitz)"]

1. e4 Nf6 2. e5 Nd5 3. g3 d6 4. exd6 exd6 5. Bg2 Nb6 6. Nc3 Be7 7. d4 O-O 8.
Nge2 d5 9. O-O c6 10. b3 Bf5 11. h3 h6 12. g4 Bh7 13. f4 N8d7 14. f5 Bg5 15. Qd3
Re8 16. Nf4 Nc8 17. Bd2 Nd6 18. Rae1 Nf6 19. Rxe8+ Qxe8 20. Re1 Qd7 21. Qg3 Re8
22. Rxe8+ Qxe8 23. h4 Bxf4 24. Bxf4 Nde4 25. Nxe4 Nxe4 26. Qe3 h5 27. Bxe4 dxe4
28. gxh5 Bxf5 29. h6 Qe6 30. Qg3 Qg6 31. Qxg6 fxg6 1/2-1/2

[Event "European Blitz 2015"]
[Site "Minsk BLR"]
[Date "2015.12.18"]
[Round "6.48"]
[White "Karpov, Vadim"]
[Black "Buksa, Nataliya"]
[Result "1-0"]
[WhiteTitle "IM"]
[BlackTitle "WGM"]
[WhiteElo "2377"]
[BlackElo "2287"]
[WhiteFideId "4155025"]
[BlackFideId "14123622"]
[EventDate "2015.12.18"]
[EventType "swiss (blitz)"]

1. Nf3 Nf6 2. c4 d5 3. cxd5 Nxd5 4. d4 g6 5. e4 Nb6 6. h3 Bg7 7. Nc3 O-O 8. Be2
Nc6 9. Be3 e5 10. d5 Ne7 11. O-O f5 12. Bc5 fxe4 13. Ng5 Rf5 14. Ngxe4 Nbxd5 15.
Bxe7 Qxe7 16. Qxd5+ Be6 17. Qxb7 Raf8 18. Bg4 Rf4 19. Bxe6+ Qxe6 20. Qb3 Qxb3
21. axb3 Rb8 22. Rxa7 Rxb3 23. Rxc7 Rxb2 24. Rd1 Rf7 25. Rd8+ Bf8 26. Rcc8 Kg7
27. g4 Bb4 28. g5 Ra7 29. Nd5 Kf7 30. Rb8 Ba3 31. Rxb2 Bxb2 32. Rh8 Ke6 33. Ndf6
Kf5 34. Kg2 Bc1 35. h4 Ra3 36. Rxh7 Bf4 37. Re7 Rd3 38. Ng3+ Bxg3 39. fxg3 Rd1
40. Rd7 Ra1 41. Rd2 Rb1 42. Rf2+ Ke6 43. Re2 Kf5 44. Nd7 e4 45. Nf6 e3 46. Rxe3
Rg1+ 47. Kf2 Rf1+ 48. Ke2 Re1+ 49. Kd3 Rd1+ 50. Kc4 Rd4+ 51. Kc5 Rc4+ 52. Kd6
Rc6+ 53. Ke7 Re6+ 54. Rxe6 1-0

[Event "European Blitz 2015"]
[Site "Minsk BLR"]
[Date "2015.12.18"]
[Round "6.49"]
[White "Makovskis, Georgijs"]
[Black "Kuzin, Anton"]
[Result "1/2-1/2"]
[BlackTitle "IM"]
[WhiteElo "2236"]
[BlackElo "2409"]
[WhiteFideId "11601132"]
[BlackFideId "4148410"]
[EventDate "2015.12.18"]
[EventType "swiss (blitz)"]

1. c4 e5 2. Nc3 Nc6 3. g3 f5 4. Bg2 Nf6 5. d3 Bb4 6. Bd2 O-O 7. a3 Bxc3 8. Bxc3
d6 9. Nf3 Qe8 10. O-O Qh5 11. e3 f4 12. exf4 exf4 13. Nh4 Bg4 14. Bf3 Ne5 15.
Bxe5 dxe5 16. h3 Bxf3 17. Qxf3 Qg5 18. Ng2 fxg3 19. fxg3 Nh5 20. Qd5+ Kh8 21. g4
Nf4 22. Nxf4 Rxf4 23. Qxb7 Raf8 24. Qg2 Rd8 25. Rxf4 Qxf4 26. Rd1 Qe3+ 27. Qf2
Qxh3 28. Qg2 1/2-1/2

[Event "European Blitz 2015"]
[Site "Minsk BLR"]
[Date "2015.12.18"]
[Round "7.2"]
[White "Kulaots, Kaido"]
[Black "Mamedov, Rauf"]
[Result "0-1"]
[WhiteTitle "GM"]
[BlackTitle "GM"]
[WhiteElo "2574"]
[BlackElo "2650"]
[WhiteFideId "4500261"]
[BlackFideId "13401653"]
[EventDate "2015.12.18"]
[EventType "swiss (blitz)"]

1. e4 d6 2. d4 g6 3. Nf3 Bg7 4. c3 Nf6 5. Bd3 O-O 6. O-O c5 7. h3 Nc6 8. d5 Nb8
9. c4 e5 10. Nc3 Nh5 11. a3 Nd7 12. b4 Nf4 13. Rb1 h6 14. Bc2 b6 15. Nb5 Nf6 16.
Bxf4 exf4 17. bxc5 bxc5 18. e5 dxe5 19. Nxe5 a6 20. Nc6 Qd7 21. Nc3 Qd6 22. Re1
Bd7 23. Ne5 Rab8 24. Nxd7 Qxd7 25. Qf3 Qd6 26. Ne2 Nh5 27. Nc1 Rxb1 28. Bxb1 Rb8
29. Bc2 Rb2 30. Re8+ Kh7 31. Bd3 Nf6 32. Re2 Rb8 33. Re1 Nd7 34. Bc2 Rb2 35. Re2
Qf6 36. Nd3 Ra2 37. Qxf4 Rxa3 38. Qxf6 Bxf6 39. g3 Kg7 40. Kg2 Rc3 41. Ba4 Nb6
42. Bc6 Nxc4 43. Nxc5 Nd6 44. Nxa6 Nf5 45. Nc7 Nd4 46. Re3 Nf5 47. Ne8+ Kf8 48.
Nxf6 Nxe3+ 49. fxe3 Rxe3 50. d6 Re6 51. d7 Ke7 52. Nd5+ Kd8 53. Bb5 Re5 54. Bc6
Re6 55. Bb5 Re5 56. Ba4 Rxd5 57. Bc6 Rc5 58. Ba4 Rd5 59. Kf3 Rd3+ 60. Kf2 Rd4
61. Bb5 f6 62. h4 g5 63. hxg5 hxg5 64. Kf3 Rb4 65. Bc6 Kc7 66. g4 Rd4 67. Bb5
Kb6 68. Ba4 Kc5 69. Kg3 Rd3+ 70. Kf2 Rd6 71. Kf3 Kd4 72. Bb5 Ke5 73. Ke3 Rd5 74.
Bc6 Rd4 75. Bb5 Rd6 76. Ba4 Ke6 77. Kf3 Ke7 78. Bb5 Rb6 79. Ba4 Ra6 80. Bb5 Ra3+
81. Kf2 Rb3 82. Bc6 Rb6 0-1

[Event "European Blitz 2015"]
[Site "Minsk BLR"]
[Date "2015.12.18"]
[Round "7.3"]
[White "Motylev, Alexander"]
[Black "Petrosian, Tigran L."]
[Result "0-1"]
[WhiteTitle "GM"]
[BlackTitle "GM"]
[WhiteElo "2653"]
[BlackElo "2625"]
[WhiteFideId "4121830"]
[BlackFideId "13301616"]
[EventDate "2015.12.18"]
[EventType "swiss (blitz)"]

1. e4 d6 2. d4 g6 3. Nc3 Bg7 4. Bg5 a6 5. Nf3 b5 6. a4 b4 7. Nd5 Bb7 8. Bd3 Bxd5
9. exd5 Nf6 10. Bxf6 Bxf6 11. a5 c6 12. dxc6 Nxc6 13. c3 O-O 14. Qa4 Qc7 15. O-O
bxc3 16. bxc3 Rfc8 17. Rfb1 Nd8 18. Rb3 Kg7 19. h4 Ne6 20. g3 Rcb8 21. Rab1 Rxb3
22. Rxb3 Nd8 23. Qa3 Qd7 24. Rb6 Qg4 25. Be2 Ne6 26. Qc1 Bxh4 27. Qe3 Bf6 28.
Rxa6 Rxa6 29. Bxa6 Qf5 30. Bc4 Qxa5 31. Bxe6 fxe6 32. c4 Kf7 33. c5 Qa8 34. Ng5+
Bxg5 35. Qxg5 Qd5 36. Qh4 h5 37. Qf4+ Ke8 38. Qe3 Kd7 39. Qc3 e5 40. cxd6 exd6
41. dxe5 Qxe5 42. Qd3 Qf5 43. Qb3 d5 44. Qb7+ Kd6 45. Qb6+ Ke5 46. Qc7+ Kd4 47.
Qe7 Qb1+ 48. Kh2 Qe4 49. Qa3 Kc4 50. Qc1+ Kb3 51. Qc5 h4 52. gxh4 Qxh4+ 53. Kg2
Qe4+ 54. Kg3 d4 55. Qb5+ Kc3 56. Qa5+ Kc2 57. Qa2+ Kd1 58. Qa1+ Kd2 59. Qa5+ Ke2
60. Qa2+ Kf1 61. Qa1+ Ke2 62. Qa2+ Kd1 63. Qa1+ Kc2 64. Qa4+ Kc3 65. Qa5+ Kc4
66. Qa4+ Kc5 67. Qa5+ Kd6 68. Qd8+ Kc5 69. Qc7+ Qc6 70. Qa5+ Kd6 71. Qd8+ Kc5
72. Qa5+ Qb5 73. Qc7+ Kb4 74. Qd6+ Kc3 75. Qxg6 d3 76. Qf6+ Kc2 77. Qg6 Qd5 78.
f3 Kc1 79. Qg5+ 0-1

[Event "European Blitz 2015"]
[Site "Minsk BLR"]
[Date "2015.12.18"]
[Round "7.5"]
[White "Bortnyk, Olexandr"]
[Black "Kovalev, Vladislav"]
[Result "1-0"]
[WhiteTitle "GM"]
[BlackTitle "GM"]
[WhiteElo "2552"]
[BlackElo "2546"]
[WhiteFideId "14120828"]
[BlackFideId "13504398"]
[EventDate "2015.12.18"]
[EventType "swiss (blitz)"]

1. d4 Nf6 2. Nf3 g6 3. Nbd2 d5 4. e3 Bg7 5. b4 O-O 6. Bb2 c6 7. a4 Nbd7 8. c4 e6
9. Be2 Ne4 10. Nxe4 dxe4 11. Nd2 f5 12. O-O e5 13. d5 c5 14. Nb3 cxb4 15. c5 Nf6
16. Bc4 f4 17. Bxe5 f3 18. gxf3 Bh3 19. d6+ Kh8 20. fxe4 Nxe4 21. Bxg7+ Kxg7 22.
Qd4+ Kh6 23. Qxe4 Qg5+ 24. Kh1 Rae8 25. f4 Qf6 26. Qf3 Bxf1 27. Rxf1 Qc3 28. Rc1
Qxe3 29. Qxe3 Rxe3 30. Na5 Rxf4 31. Nxb7 Rc3 32. Rb1 Rcxc4 33. d7 Rfd4 34. Nd6 1-0

[Event "European Blitz 2015"]
[Site "Minsk BLR"]
[Date "2015.12.18"]
[Round "7.6"]
[White "Shtembuliak, Evgeny"]
[Black "Ponkratov, Pavel"]
[Result "1-0"]
[WhiteTitle "FM"]
[BlackTitle "GM"]
[WhiteElo "2420"]
[BlackElo "2604"]
[WhiteFideId "14113325"]
[BlackFideId "4157800"]
[EventDate "2015.12.18"]
[EventType "swiss (blitz)"]

1. Nf3 Nf6 2. g3 g6 3. Bg2 Bg7 4. O-O O-O 5. c4 d5 6. cxd5 Nxd5 7. Nc3 c5 8.
Nxd5 Qxd5 9. d3 Qd6 10. Be3 Bxb2 11. Rb1 Bg7 12. Nd2 Qc7 13. Qc2 Na6 14. Rfc1
Rb8 15. Bxc5 Nxc5 16. Qxc5 Qxc5 17. Rxc5 Be6 18. Rc7 Bxa2 19. Rbxb7 a5 20. Rxe7
Bc3 21. Nc4 a4 22. Rxb8 Rxb8 23. Bd5 Rb5 24. Bxf7+ Kf8 25. Ra7 Bd4 26. Rxa4 Bb3
27. Ra8+ Kg7 28. Nd6 Rb6 29. Bxb3 Rxb3 30. Ne4 h5 31. h4 Be5 32. Kg2 Bd4 33. Rd8
Be5 34. Rd7+ Kg8 35. d4 Bg7 36. e3 Rb2 37. Ng5 Bh6 38. Kf3 Ra2 39. Ne6 Ra5 40.
Nf4 Ra6 41. Re7 1-0

[Event "European Blitz 2015"]
[Site "Minsk BLR"]
[Date "2015.12.18"]
[Round "7.7"]
[White "Sharafiev, Azat"]
[Black "Zubov, Alexander"]
[Result "0-1"]
[WhiteTitle "IM"]
[BlackTitle "GM"]
[WhiteElo "2420"]
[BlackElo "2601"]
[WhiteFideId "4186214"]
[BlackFideId "14109409"]
[EventDate "2015.12.18"]
[EventType "swiss (blitz)"]

1. Nf3 Nf6 2. c4 e6 3. g3 d5 4. Bg2 d4 5. O-O Nc6 6. e3 e5 7. exd4 exd4 8. Re1+
Be7 9. b4 O-O 10. b5 Nb8 11. Rxe7 Qxe7 12. Ba3 Qd8 13. Bxf8 Kxf8 14. d3 c5 15.
Nbd2 Nbd7 16. Nb3 Rb8 17. a4 a5 18. Qe2 Qc7 19. Re1 Nb6 20. Nxa5 Bg4 21. Qc2 Ra8
22. Nb3 Bxf3 23. Bxf3 Rxa4 24. Nd2 Ra7 25. Ne4 Nbd7 26. Qe2 h6 27. h4 Nxe4 28.
Qxe4 Nf6 29. Qf5 Ra8 30. g4 Re8 31. Rxe8+ Nxe8 32. g5 g6 33. Qd5 b6 34. gxh6 Qf4
35. h7 Qxh4 36. Qe5 Nf6 37. Qb8+ Kg7 38. Qxb6 Qg5+ 39. Kf1 Qc1+ 40. Kg2 Qg5+ 41.
Kf1 Qc1+ 42. Kg2 Qg5+ 0-1

[Event "European Blitz 2015"]
[Site "Minsk BLR"]
[Date "2015.12.18"]
[Round "7.8"]
[White "Stupak, Kirill"]
[Black "Movsesian, Sergei"]
[Result "0-1"]
[WhiteTitle "GM"]
[BlackTitle "GM"]
[WhiteElo "2542"]
[BlackElo "2659"]
[WhiteFideId "13503758"]
[BlackFideId "310204"]
[EventDate "2015.12.18"]
[EventType "swiss (blitz)"]

1. d4 d5 2. Nf3 c6 3. g3 Bg4 4. Bg2 Nd7 5. O-O e6 6. c4 dxc4 7. a4 Ngf6 8. Nbd2
b5 9. axb5 cxb5 10. Ne5 Nxe5 11. Bxa8 Qxa8 12. dxe5 Nd7 13. f3 Bh3 14. Re1 Bc5+
15. Kh1 Nxe5 16. Ne4 Ng4 17. Qc2 Nf2+ 18. Nxf2 Bxf2 19. Rd1 O-O 20. Bf4 Bb6 21.
Qc3 Rd8 22. Be3 b4 23. Rxd8+ Qxd8 24. Qd2 Qxd2 25. Bxd2 b3 26. Rc1 f5 27. Rxc4
Bf1 28. Rb4 Bxe2 29. Rxb3 Bd1 30. Ra3 Bc5 31. b4 Bb6 32. Kg2 Kf7 33. Be3 Bxe3
34. Rxe3 a6 35. Kf2 Ba4 36. Rc3 Bb5 37. f4 Kf6 38. Rc5 g5 39. Ke3 h6 40. Kd4 Be2
41. Rc8 Bb5 42. Rf8+ Kg7 43. Rb8 Kf6 44. Kc5 Bf1 45. Kd6 Bc4 46. Rf8+ Kg7 47.
Ke7 Kg6 48. Rc8 Bd5 49. Rc5 gxf4 50. gxf4 Kh5 51. Ra5 Bc4 52. Rc5 Bd5 53. Kf6
Kg4 54. Ke5 Kh3 55. Rc2 h5 56. Rd2 h4 57. Rf2 Bc4 58. Kf6 Kg4 59. Rc2 Bd5 60.
Ke5 Kf3 61. Rd2 h3 62. Rc2 Be4 63. Ra2 Bd5 64. Rxa6 Kg2 65. b5 Kxh2 66. b6 Kg3
67. Ra8 Bxa8 0-1

[Event "European Blitz 2015"]
[Site "Minsk BLR"]
[Date "2015.12.18"]
[Round "7.9"]
[White "Pankov, German"]
[Black "Riazantsev, Alexander"]
[Result "0-1"]
[WhiteTitle "IM"]
[BlackTitle "GM"]
[WhiteElo "2404"]
[BlackElo "2646"]
[WhiteFideId "4174569"]
[BlackFideId "4125029"]
[EventDate "2015.12.18"]
[EventType "swiss (blitz)"]

1. d4 Nf6 2. Bg5 e6 3. e3 h6 4. Bh4 d6 5. Nf3 g5 6. Bg3 Nh5 7. Bd3 Bg7 8. Nbd2
Nxg3 9. hxg3 Nc6 10. c3 Qe7 11. e4 Bd7 12. Qe2 O-O-O 13. O-O-O Kb8 14. Kb1 h5
15. Nc4 g4 16. Nh4 Qg5 17. Ne3 Bh6 18. Bc2 Ne7 19. Rde1 Rde8 20. Qd3 Bb5 21. Qd1
Rhf8 22. Ba4 a6 23. Bxb5 Qxb5 24. f4 gxf3 25. gxf3 Rg8 26. Rhg1 Nc8 27. f4 Nb6
28. Qe2 Qxe2 29. Rxe2 Bxf4 30. Nf1 Rg7 31. Rh1 Bg5 32. Nf3 Reg8 33. Rxh5 Be7 34.
Rf2 Kc8 35. Kc2 Kd7 36. Kd3 Ke8 37. Rfh2 Nd7 38. Rh8 Nf6 39. Rxg8+ Rxg8 40. a4
d5 41. exd5 Nxd5 42. Ne5 Bd6 43. Re2 Ne7 44. Rg2 Bxe5 45. dxe5 Rg5 46. Re2 Ng6
47. Kd4 Ne7 48. Kd3 Nc6 49. Ne3 Nxe5+ 50. Ke4 Nd7 51. g4 Nc5+ 52. Kf4 Rg8 53.
Nd5 Kd8 54. Nf6 Rh8 55. Rd2+ Ke7 56. g5 Rh4+ 57. Kg3 Ne4+ 58. Nxe4 Rxe4 59. a5
Re5 60. Kf4 Rf5+ 61. Kg4 Rxa5 0-1

[Event "European Blitz 2015"]
[Site "Minsk BLR"]
[Date "2015.12.18"]
[Round "7.11"]
[White "Polivanov, Anatoliy"]
[Black "Grachev, Boris"]
[Result "0-1"]
[WhiteTitle "IM"]
[BlackTitle "GM"]
[WhiteElo "2426"]
[BlackElo "2652"]
[WhiteFideId "14109468"]
[BlackFideId "4129199"]
[EventDate "2015.12.18"]
[EventType "swiss (blitz)"]

1. e4 c5 2. Nf3 e6 3. Nc3 Nc6 4. d4 cxd4 5. Nxd4 a6 6. Be3 Nf6 7. Be2 Qc7 8. a3
b5 9. Nxc6 dxc6 10. f4 Bb7 11. Bf3 Rd8 12. Qe2 Be7 13. e5 Nd5 14. Nxd5 cxd5 15.
Bd4 Bc5 16. c3 O-O 17. O-O Qb6 18. Qf2 Rc8 19. Bxc5 Rxc5 20. Qd4 Qc7 21. Be2 g6
22. Bd3 Rd8 23. Rae1 a5 24. h4 Qe7 25. h5 Kg7 26. f5 gxf5 27. Rxf5 exf5 28. e6+
f6 29. Qf4 Kh8 30. Qxf5 d4 31. Qf4 Rg5 32. Bf1 d3 33. Rd1 Qxe6 34. Qc7 Qe3+ 35.
Kh2 Rxh5# 0-1

[Event "European Blitz 2015"]
[Site "Minsk BLR"]
[Date "2015.12.18"]
[Round "7.13"]
[White "Belous, Vladimir"]
[Black "Matinian, Nikita"]
[Result "1-0"]
[WhiteTitle "GM"]
[BlackTitle "IM"]
[WhiteElo "2557"]
[BlackElo "2470"]
[WhiteFideId "4174003"]
[BlackFideId "24129100"]
[EventDate "2015.12.18"]
[EventType "swiss (blitz)"]

1. Nf3 Nf6 2. c4 g6 3. Nc3 Bg7 4. e4 d6 5. d4 O-O 6. h3 e5 7. d5 a5 8. Bg5 Na6
9. Be2 Bd7 10. Nd2 h6 11. Be3 c6 12. O-O cxd5 13. cxd5 Ne8 14. Nc4 f5 15. Nb6
Rb8 16. Nxd7 Qxd7 17. Bb5 Qe7 18. Qa4 Nf6 19. Qxa5 f4 20. Bb6 f3 21. g3 Nh7 22.
Rfc1 Ng5 23. Bf1 Qd7 24. Kh2 Rbc8 25. h4 Rxc3 26. Rxc3 Nxe4 27. Rc2 Nf6 28. Bh3
Qe7 29. Be6+ Kh7 30. Rac1 e4 31. Qb5 h5 32. Rc8 Rxc8 33. Rxc8 Ng4+ 34. Bxg4 hxg4
35. Qe8 Qf6 36. Qg8+ Kh6 37. Be3+ 1-0

[Event "European Blitz 2015"]
[Site "Minsk BLR"]
[Date "2015.12.18"]
[Round "7.14"]
[White "Faizrakhmanov, Ramil"]
[Black "Inarkiev, Ernesto"]
[Result "1/2-1/2"]
[WhiteTitle "FM"]
[BlackTitle "GM"]
[WhiteElo "2426"]
[BlackElo "2668"]
[WhiteFideId "24103209"]
[BlackFideId "4162722"]
[EventDate "2015.12.18"]
[EventType "swiss (blitz)"]

1. c4 c6 2. Nc3 d5 3. d4 Nf6 4. e3 e6 5. Nf3 Nbd7 6. Qc2 Bd6 7. b3 O-O 8. Be2 b6
9. O-O Bb7 10. Bb2 Rc8 11. Rad1 Qe7 12. Rfe1 c5 13. cxd5 Nxd5 14. Nxd5 Bxd5 15.
e4 cxd4 16. Qb1 Bb7 17. Nxd4 Bb4 18. Rf1 Nf6 19. f3 g6 20. Kh1 e5 21. Nc2 Bc5
22. b4 Bd6 23. a3 Nh5 24. g3 a5 25. bxa5 bxa5 26. Ne3 Bxa3 27. Bxa3 Qxa3 28. Nc4
Qe7 29. Nxa5 Rb8 30. Nxb7 Rxb7 31. Qd3 Ng7 32. Qd6 Qxd6 33. Rxd6 Rb2 34. Bc4 Rc8
35. Rc1 Kh8 36. Rdd1 f5 37. Bd5 Rf8 38. Rc5 h5 39. Ra1 h4 40. gxh4 Nh5 41. Rc7
Nf4 42. Kg1 Rfb8 43. Ra8 Rxa8 44. Bxa8 Rg2+ 45. Kf1 Rxh2 46. exf5 gxf5 47. Rf7
Rxh4 48. Rxf5 Rh1+ 49. Kf2 Kg7 50. Be4 Rh5 51. Rxh5 1/2-1/2